[Event "Andalucia-ch U12"]
[Site "Islantilla"]
[Date "2012.04.15"]
[Round "8"]
[White "Escudero Perez, Jose Manuel"]
[Black "Germes Ibanez, Ricardo"]
[Result "0-1"]
[WhiteElo "1292"]
[BlackElo "1556"]
[PlyCount "38"]
[EventDate "2012.04.13"]
[EventType "swiss"]
[EventRounds "9"]
[EventCountry "ESP"]
[SourceTitle "CBM 148 Extra"]
[Source "ChessBase"]
[SourceDate "2012.06.22"]
[SourceVersion "1"]
[SourceVersionDate "2012.06.22"]
[SourceQuality "1"]

1. e4 e5 2. Nf3 Nc6 3. Bc4 Bc5 4. c3 Nf6 5. d4 exd4 6. cxd4 Bb4+ 7. Nc3 Nxe4 8. 0-0 Bxc3 9. bxc3 0-0 10. Qc2 d5 11. Bd3 Nf6 12. Bg5 h6 13. Bh4 Qd6 14. Rfe1 Bd7 15. Ne5 Rfe8 16. f4 Ng4 17. Nxd7 Qxd7 18. f5 Rxe1+ 19. Rxe1 Re8 0-1